Jammu and Kashmir: (Record no. 188801)

MARC details
000 -LEADER
fixed length control field 00575nam a22001817a 4500
005 - DATE AND TIME OF LATEST TRANSACTION
control field 20220603151418.0
010 ## - LCCN (DPL NO)
LC control number ENG-132987
020 ## - INTERNATIONAL STANDARD BOOK NUMBER
International Standard Book Number 978-88124-1158-79
Terms of availability 595.00
035 ## - SYSTEM CONTROL NUMBER
System control number EN-116519
037 ## - SOURCE OF ACQUISITION
Source of stock number/acquisition DBAD/PUB
082 ## - DEWEY DECIMAL CLASSIFICATION NUMBER
Classification number 320.9546
100 ## - MAIN ENTRY--PERSONAL NAME
Personal name Bhim Singh
245 ## - TITLE STATEMENT
Title Jammu and Kashmir:
Remainder of title The Blunders and Way Out/
Statement of responsibility, etc Bhim Singh
260 ## - PUBLICATION, DISTRIBUTION, ETC. (IMPRINT)
Place of publication, distribution, etc New Delhi
Name of publisher, distributor, etc Har-Anand Publications Pvt. Ltd.
Date of publication, distribution, etc 2013
270 ## - ADDRESS
Address E-49/3, Okhla Industrial Area, Phase-II,
City New Delhi
Postal code 110020
300 ## - PHYSICAL DESCRIPTION
Extent 248p.
Other physical details Index
Dimensions 22cm(hbk)
942 ## - ADDED ENTRY ELEMENTS (KOHA)
Source of classification or shelving scheme Dewey Decimal Classification
Item type English Books
Call number suffix BHI
Classification part 320.9546
Holdings
Withdrawn status Lost status Not for loan Collection code Home library Current library Date acquired Source of acquisition Cost, normal purchase price Full call number Barcode Copy number Cost, replacement price Koha item type
      Non-fiction Patel Nagar Patel Nagar 03/06/2022 DBAD/PUB 595.00 320.9546 BHI EN-116519 1 595.00 English Books

© Delhi Public Library
Hit Counter
free hit counter